Modelovanie stavebných procesov : modelovanie v čase

Gespeichert in:
Bibliographische Detailangaben
Hauptverfasser: Hulínová, Zdenka, 1957- (Verfasst von), Bisták, Andrej, 1990- (Verfasst von)
Weitere Verfasser: Fedorko, Gabriel (Rezension), Matúšová, Miriam (Rezension)
Format: Buch
Sprache:Slowakisch
Veröffentlicht: Brno : Tribun EU, 2021
Ausgabe:1. vyd.
Schlagworte:
Online-Zugang:http://www.eshop.librix.eu/MODELOVANIE-STAVEBNYCH-PROCESOV-MODELOVANIE-V-CASE-d712.htm
Tags: Tag hinzufügen
Keine Tags, Fügen Sie das erste Tag hinzu!

MARC

LEADER 00000nam a22000003a 4500
001 0091915
003 SK-STU
005 20220325145209.9
007 ta
008 211201s -------||||||||||-|||-||----d
020 |a 978-80-263-1685-5 
035 |a biblio/436755  |2 CREPC2 
041 0 |a slo 
044 |a xr 
100 1 |4 aut  |a Hulínová, Zdenka,  |d 1957-  |u 010270  |r Z1  |9 99  |U SvF Stavebná fakulta  |T SvF Katedra technológie stavieb  |X 853  |U V270  |Y 28  |7 A000000853 
242 0 0 |a Modelling of construction processes :  |b Time modelling  |y eng 
245 1 0 |a Modelovanie stavebných procesov :  |b modelovanie v čase 
250 |a 1. vyd. 
260 |a Brno :  |b Tribun EU,  |c 2021 
300 |a 105 s. 
650 0 4 |a štúdia práce 
650 0 4 |a teória hromadnej obsluhy 
650 0 4 |a modelovanie simulačné 
650 0 4 |a modelovanie zásob 
650 0 4 |a modelovanie sekvenčné 
650 0 4 |a systémový prístup 
650 0 4 |a stavebné procesy 
700 1 |4 aut  |a Bisták, Andrej,  |d 1990-  |u 010270  |r Z8  |9 1  |U SvF Stavebná fakulta  |T SvF Katedra technológie stavieb  |X 66824  |U V270  |Y 28  |7 A000066824 
700 1 |4 rev  |a Fedorko, Gabriel 
700 1 |4 rev  |a Matúšová, Miriam,  |X 4309  |7 A000004309 
856 4 0 |u http://www.eshop.librix.eu/MODELOVANIE-STAVEBNYCH-PROCESOV-MODELOVANIE-V-CASE-d712.htm 
996 |b 284V038229  |c V* 53700/O-24794  |l VVT  |s P  |a 0  |w 0091915_0001 
996 |b 284V038230  |c V* 53701/O-24794  |l VVS  |s A  |a 24  |w 0091915_0002